<?xml version="1.0" encoding="UTF-8"?>
<record
    xmlns:xsi="http://www.w3.org/2001/XMLSchema-instance"
    xsi:schemaLocation="http://www.loc.gov/MARC21/slim http://www.loc.gov/standards/marcxml/schema/MARC21slim.xsd"
    xmlns="http://www.loc.gov/MARC21/slim">

  <leader>00781nam a2200181Ia 4500</leader>
  <controlfield tag="008">121028s9999    xx            000 0 und d</controlfield>
  <datafield tag="020" ind1=" " ind2=" ">
    <subfield code="a">978-970-782-270-2</subfield>
  </datafield>
  <datafield tag="050" ind1=" " ind2=" ">
    <subfield code="a">QA135  P34 2008</subfield>
  </datafield>
  <datafield tag="100" ind1=" " ind2=" ">
    <subfield code="a">P&#xE1;ez Murillo, Rosa Elvira.</subfield>
  </datafield>
  <datafield tag="130" ind1=" " ind2=" ">
    <subfield code="a">Matem&#xE1;ticas 5</subfield>
  </datafield>
  <datafield tag="240" ind1=" " ind2=" ">
    <subfield code="a">Matem&#xE1;ticas 5 para preuniversitarios</subfield>
  </datafield>
  <datafield tag="245" ind1=" " ind2=" ">
    <subfield code="a">Matem&#xE1;ticas 5 para preuniversitarios /Rosa Elvira P&#xE1;ez Murillo, Mateo Alejandro Barkovich, Julio Roberto Murillo Torres</subfield>
  </datafield>
  <datafield tag="260" ind1=" " ind2=" ">
    <subfield code="a">M&#xE9;xico : Esfinge</subfield>
  </datafield>
  <datafield tag="300" ind1=" " ind2=" ">
    <subfield code="a">151 p.</subfield>
  </datafield>
  <datafield tag="500" ind1=" " ind2=" ">
    <subfield code="a">  1. Limites  2. Las razones de cambio y la derivada  3. Valores maximos y minimos y sus aplicaciones</subfield>
  </datafield>
  <datafield tag="650" ind1=" " ind2=" ">
    <subfield code="a">Matem&#xE1;ticas -- Estudio y ense&#xF1;anza (Superior)</subfield>
  </datafield>
  <datafield tag="700" ind1=" " ind2=" ">
    <subfield code="a">Barkovich, Mateo Alejandro, coautor      Murillo Torres, Julio Roberto, coautor   &#xCC;</subfield>
  </datafield>
  <datafield tag="952" ind1=" " ind2=" ">
    <subfield code="0">0</subfield>
    <subfield code="1">0</subfield>
    <subfield code="4">0</subfield>
    <subfield code="7">0</subfield>
    <subfield code="a">14</subfield>
    <subfield code="b">14</subfield>
    <subfield code="d">2010-08-30</subfield>
    <subfield code="l">0</subfield>
    <subfield code="o">QA135  P34 2008</subfield>
    <subfield code="p">14 002926</subfield>
    <subfield code="r">2012-10-28</subfield>
    <subfield code="t">1</subfield>
    <subfield code="w">2012-10-28</subfield>
    <subfield code="y">LB</subfield>
  </datafield>
  <datafield tag="999" ind1=" " ind2=" ">
    <subfield code="c">85414</subfield>
    <subfield code="d">85414</subfield>
  </datafield>
</record>
